[Event "III Open"]
[Site "Teramo ITA"]
[Date "1999.04.??"]
[Round "1"]
[White "Voiska, Margarita"]
[Black "Tomba, Ivan"]
[Result "1-0"]
[WhiteElo "2364"]
[BlackElo "2063"]
[PlyCount "71"]
[EventDate "1999.04.22"]

1. c4 Nf6 2. Nc3 g6 3. g3 Bg7 4. Bg2 O-O 5. d3 d6 6. Nf3 e5 7. O-O Nc6 8. Rb1
Rb8 9. b4 Bg4 10. h3 Bd7 11. Bg5 Qc8 12. Kh2 Nd4 13. Nxd4 exd4 14. Bxf6 Bxf6
15. Nd5 Qd8 16. b5 Be5 17. Qd2 Re8 18. Qa5 c6 19. Qxd8 Rbxd8 20. bxc6 bxc6 21.
Nb4 Rc8 22. Na6 Bf6 23. Rb7 Re7 24. Rfb1 c5 25. Rxa7 Bc6 26. Rxe7 Bxe7 27. Rb6
Bxg2 28. Kxg2 Kg7 29. Kf3 Kf6 30. Nb8 Ke6 31. Nc6 Bg5 32. Na7 Ra8 33. Nb5 Rxa2
34. Rxd6+ Ke7 35. Rd5 Bf6 36. Rxc5 1-0

[Event "III Open"]
[Site "Teramo ITA"]
[Date "1999.04.??"]
[Round "2"]
[White "Contin, Daniel"]
[Black "Gardon, Ermanno"]
[Result "1-0"]
[WhiteElo "2372"]
[BlackElo "2106"]
[PlyCount "44"]
[EventDate "1999.04.22"]

1. e4 e6 2. d4 c5 3. d5 Nf6 4. Nc3 exd5 5. e5 Ng8 6. Qxd5 Nc6 7. Bc4 Qe7 8. Nf3
d6 9. Bg5 Nf6 10. Qxd6 Qxd6 11. exd6 Bxd6 12. Nb5 Bb8 13. O-O-O O-O 14. Bxf6
Bf4+ 15. Kb1 gxf6 16. Nd6 Rb8 17. Ne4 Bf5 18. Nxf6+ Kh8 19. Rd5 Bxc2+ 20. Kxc2
Nb4+ 21. Kb1 Nxd5 22. Bxd5 Bd6 1-0

[Event "III Open"]
[Site "Teramo ITA"]
[Date "1999.04.??"]
[Round "2"]
[White "De Santis, Alessio"]
[Black "Mitkov, Nikola"]
[Result "0-1"]
[WhiteElo "2356"]
[BlackElo "2483"]
[PlyCount "68"]
[EventDate "1999.04.22"]

1. d4 Nf6 2. c4 e6 3. Nc3 Bb4 4. e3 O-O 5. Bd3 d5 6. Nge2 dxc4 7. Bxc4 e5 8. a3
Bd6 9. Nb5 Nc6 10. O-O Be7 11. d5 Nb8 12. Nbc3 a6 13. b4 Bd6 14. e4 Re8 15. Ng3
Nbd7 16. Be3 Nf8 17. f3 Ng6 18. Qc2 Nf4 19. b5 Qe7 20. Na4 g6 21. bxa6 bxa6 22.
Rfc1 Bd7 23. Bf1 Rec8 24. Nc5 Bb5 25. a4 Bxf1 26. Nxf1 c6 27. Nb3 cxd5 28.
Qxc8+ Rxc8 29. Rxc8+ Kg7 30. Nfd2 Qb7 31. Rc2 dxe4 32. fxe4 Nxe4 33. Na5 Qd5
34. Bxf4 Qd4+ 0-1

[Event "III Open"]
[Site "Teramo ITA"]
[Date "1999.04.??"]
[Round "2"]
[White "Ferretti, Folco"]
[Black "Zaja, Ivan"]
[Result "1/2-1/2"]
[WhiteElo "2280"]
[BlackElo "2443"]
[PlyCount "65"]
[EventDate "1999.04.22"]

1. e4 e6 2. d4 d5 3. Nd2 Nf6 4. e5 Nfd7 5. Bd3 b6 6. c3 Ba6 7. Bxa6 Nxa6 8. Ne2
c5 9. O-O Nc7 10. Nf4 g6 11. Re1 Bg7 12. Nf3 O-O 13. Be3 Rc8 14. Qd2 f6 15.
exf6 Nxf6 16. Nd3 Ne4 17. Qe2 Ne8 18. Ng5 c4 19. Nb4 Qf6 20. Nxe4 dxe4 21. Rad1
a5 22. Nc2 Qf5 23. Bc1 Nd6 24. g3 g5 25. Ne3 Qg6 26. Ng4 Rc7 27. Ne5 Qf5 28. g4
Qf6 29. Rf1 Qh6 30. Qe3 Rf4 31. Qe2 Rf8 32. Qe3 Rf4 33. Qe2 1/2-1/2

[Event "III Open"]
[Site "Teramo ITA"]
[Date "1999.04.??"]
[Round "2"]
[White "Lagumina, Giulio"]
[Black "Aleksieva, Silvia"]
[Result "0-1"]
[WhiteElo "2282"]
[BlackElo "2318"]
[PlyCount "80"]
[EventDate "1999.04.22"]

1. d4 e6 2. c4 a6 3. e4 c5 4. Nf3 cxd4 5. Nxd4 Nf6 6. Nc3 d6 7. Be2 b6 8. O-O
Bb7 9. f3 Nbd7 10. Be3 Rc8 11. a4 Be7 12. a5 O-O 13. Nb3 Nc5 14. Ra2 Nfd7 15.
axb6 Nxb6 16. Na5 Ba8 17. b4 Ncd7 18. Rd2 Qc7 19. Bf4 Ne5 20. c5 dxc5 21. Bxa6
cxb4 22. Nb5 Qc5+ 23. Kh1 Rcd8 24. Nb3 Rxd2 25. Bxd2 Qc6 26. N3d4 Qd7 27. Qb1
Nc6 28. Nxc6 Bxc6 29. Bxb4 Bxb4 30. Qxb4 Ra8 31. Qa5 Nc4 32. Qa4 Ne3 33. Re1
Qd2 34. Rg1 h5 35. h3 Kh7 36. Kh2 f5 37. exf5 exf5 38. Kg3 f4+ 39. Qxf4 Rxa6
40. Nd4 Ba8 0-1

[Event "III Open"]
[Site "Teramo ITA"]
[Date "1999.04.??"]
[Round "2"]
[White "Luciani, Valerio"]
[Black "Voiska, Margarita"]
[Result "0-1"]
[WhiteElo "2238"]
[BlackElo "2364"]
[PlyCount "88"]
[EventDate "1999.04.22"]

1. c4 e5 2. Nc3 Nf6 3. g3 g6 4. Bg2 Bg7 5. Nf3 d6 6. d3 O-O 7. O-O h6 8. Rb1 a5
9. a3 Be6 10. b4 axb4 11. axb4 Nbd7 12. e4 c6 13. Ne1 Ne8 14. b5 Nc5 15. bxc6
bxc6 16. Bd2 Qd7 17. Qc1 Kh7 18. f4 exf4 19. Bxf4 Bh3 20. Be3 Bxg2 21. Kxg2 Nc7
22. e5 Qe7 23. d4 N5e6 24. Ne4 dxe5 25. dxe5 Bxe5 26. Bxh6 Ra2+ 27. Kh1 Ng7 28.
Ng5+ Kg8 29. Nef3 f6 30. Re1 fxg5 31. Nxe5 Rff2 32. Rb8+ Nce8 33. Bxg5 Rxh2+
34. Kg1 Qa7+ 35. c5 Qxb8 36. Qc4+ Kh7 37. Bc1 Rag2+ 38. Kf1 Rf2+ 39. Kg1 Rhg2+
40. Kh1 Rh2+ 41. Kg1 Nh5 42. Bf4 Nxf4 43. Qf7+ Ng7 44. gxf4 Rfg2+ 0-1

[Event "III Open"]
[Site "Teramo ITA"]
[Date "1999.04.??"]
[Round "3"]
[White "Barbero, Gerardo F."]
[Black "Tomescu, Vlad"]
[Result "1-0"]
[WhiteElo "2462"]
[BlackElo "2436"]
[PlyCount "97"]
[EventDate "1999.04.22"]

1. d4 Nf6 2. c4 g6 3. Nc3 d5 4. Nf3 Bg7 5. Bf4 O-O 6. e3 c5 7. dxc5 Ne4 8. Rc1
Nxc3 9. bxc3 dxc4 10. Qxd8 Rxd8 11. Bxc4 Nc6 12. Ng5 Rf8 13. O-O h6 14. Nf3 e5
15. Bg3 Kh7 16. Bd5 f6 17. Nd2 Rd8 18. e4 g5 19. f3 Be6 20. Bxe6 Rxd2 21. Rf2
Rad8 22. Bd5 Rxf2 23. Bxf2 Rd7 24. Rb1 Bf8 25. Kf1 Kg7 26. Bxc6 bxc6 27. Ke2
Kf7 28. Rb8 Be7 29. a4 Rc7 30. g4 Ke6 31. Kd3 Rd7+ 32. Kc2 Rd8 33. Rb1 Rd7 34.
a5 Rc7 35. Rb8 Kd7 36. Ra8 Rb7 37. a6 Rc7 38. Rh8 Rc8 39. Rxh6 Rb8 40. h4 Rb5
41. h5 Ra5 42. Be3 Rxa6 43. Kb2 Ra5 44. Rh8 Rb5+ 45. Kc2 Ra5 46. Bc1 Bxc5 47.
h6 Ra2+ 48. Bb2 Ba3 49. Kb3 1-0

[Event "III Open"]
[Site "Teramo ITA"]
[Date "1999.04.??"]
[Round "3"]
[White "Capuano, Eugenio"]
[Black "De Santis, Alessio"]
[Result "0-1"]
[WhiteElo "2159"]
[BlackElo "2356"]
[PlyCount "66"]
[EventDate "1999.04.22"]

1. e4 d6 2. d4 Nf6 3. Nc3 c6 4. f4 Qa5 5. e5 Ne4 6. Bd3 d5 7. Nge2 f5 8. exf6
Nxf6 9. O-O c5 10. dxc5 e6 11. Kh1 Bxc5 12. Ng1 Nc6 13. Nf3 O-O 14. Bd2 Qc7 15.
Qe2 a6 16. Rae1 Bd7 17. Ne5 Rae8 18. g4 g6 19. a3 Nxe5 20. fxe5 Ne4 21. Nxe4
dxe4 22. Bxe4 Rxf1+ 23. Rxf1 Qxe5 24. Bc3 Qc7 25. Qf3 Rf8 26. Qg2 Rf4 27. Rxf4
Qxf4 28. Bd2 Qe5 29. Bc3 Qf4 30. Bd2 Qe5 31. Bc3 Bd4 32. Bb4 a5 33. Be7 Bc6 0-1

[Event "III Open"]
[Site "Teramo ITA"]
[Date "1999.04.??"]
[Round "3"]
[White "Ciolac, Gheorghe"]
[Black "Zlochevskij, Alexander"]
[Result "0-1"]
[WhiteElo "2389"]
[BlackElo "2457"]
[PlyCount "64"]
[EventDate "1999.04.22"]

1. e4 e6 2. d4 d5 3. Nc3 Nf6 4. exd5 exd5 5. Bf4 c6 6. Qd2 Bb4 7. f3 O-O 8.
O-O-O Nbd7 9. g4 Nb6 10. a3 Be7 11. Nb1 Nc4 12. Qd3 Re8 13. h4 Bd6 14. Bd2 Qc7
15. Nh3 Bd7 16. Bg2 Qb6 17. Qc3 c5 18. Bf4 cxd4 19. Rxd4 Bc5 20. Rdd1 Ne3 21.
Rd2 Rac8 22. Qd3 Nc4 23. Qb3 Qxb3 24. cxb3 Nxd2 25. Kxd2 d4 26. Nf2 Nd5 27. Bg3
Ne3 28. Bf1 Bc6 29. Be2 Bd5 30. b4 Bb6 31. Bd3 Bxf3 32. Re1 Nc4+ 0-1

[Event "III Open"]
[Site "Teramo ITA"]
[Date "1999.04.??"]
[Round "3"]
[White "Delchev, Aleksander"]
[Black "Contin, Daniel"]
[Result "1/2-1/2"]
[WhiteElo "2548"]
[BlackElo "2372"]
[PlyCount "84"]
[EventDate "1999.04.22"]

1. Nf3 Nf6 2. c4 c5 3. Nc3 Nc6 4. d4 cxd4 5. Nxd4 g6 6. e4 d6 7. Be2 Nxd4 8.
Qxd4 Bg7 9. O-O O-O 10. Qe3 Be6 11. Bd2 Nd7 12. Rab1 Qb6 13. Nd5 Bxd5 14. cxd5
Rfc8 15. Bg4 Bd4 16. Qh3 Rc2 17. Qd3 Rc7 18. Bxd7 Rxd7 19. Rbc1 a5 20. Rc4 Bc5
21. b3 e5 22. Qh3 Qd8 23. Bg5 Qe8 24. Bf6 Bb6 25. Rfc1 a4 26. Qh6 Qf8 27. Qxf8+
Rxf8 28. Rxa4 Bd8 29. Bxd8 Rfxd8 30. Rac4 b5 31. Rc8 Kg7 32. Rxd8 Rxd8 33. a4
Ra8 34. Ra1 bxa4 35. bxa4 Ra5 36. f3 f5 37. Kf2 fxe4 38. fxe4 Kf6 39. h4 g5 40.
h5 g4 41. Kg3 Kg5 42. h6 Kh5 1/2-1/2

[Event "III Open"]
[Site "Teramo ITA"]
[Date "1999.04.??"]
[Round "3"]
[White "Di Gianni, Rocco"]
[Black "Ferretti, Folco"]
[Result "0-1"]
[WhiteElo "2185"]
[BlackElo "2280"]
[PlyCount "44"]
[EventDate "1999.04.22"]

1. e4 c6 2. d4 d5 3. Nd2 dxe4 4. Nxe4 Bf5 5. Ng3 Bg6 6. Nf3 Nd7 7. h4 h6 8. Bd3
Bxd3 9. Qxd3 Ngf6 10. Nf5 e6 11. Ne3 Qc7 12. Nc4 Nd5 13. Bd2 O-O-O 14. O-O-O c5
15. Qb3 N7b6 16. Ba5 cxd4 17. Rxd4 Bc5 18. Rd2 Nf6 19. Nxb6+ axb6 20. Rxd8+
Rxd8 21. Be1 Ne4 22. Rf1 Qf4+ 0-1

[Event "III Open"]
[Site "Teramo ITA"]
[Date "1999.04.??"]
[Round "3"]
[White "Mitkov, Nikola"]
[Black "Voiska, Margarita"]
[Result "1-0"]
[WhiteElo "2483"]
[BlackElo "2364"]
[PlyCount "77"]
[EventDate "1999.04.22"]

1. e4 e5 2. Bc4 Nf6 3. d3 c6 4. Bb3 Be7 5. Nc3 O-O 6. f4 exf4 7. e5 Ne8 8. Bxf4
d6 9. exd6 Bxd6 10. Nge2 Bxf4 11. Nxf4 Qd4 12. Nfe2 Qh4+ 13. g3 Qe7 14. Qd2 Na6
15. d4 Nf6 16. O-O-O Be6 17. Nf4 Bxb3 18. axb3 Nb4 19. Rhe1 Qd8 20. Na4 Nbd5
21. Nxd5 Qxd5 22. Re7 b5 23. Nc3 Qd6 24. Qe2 a5 25. Qe5 Rfd8 26. h3 Rd7 27.
Qxd6 Rxd6 28. Rd3 Kf8 29. Re5 Rad8 30. Ne2 Rd5 31. Rxd5 Nxd5 32. Kd2 h5 33. Rf3
Ke7 34. c4 Nf6 35. Rf5 Rb8 36. Kc2 Kd6 37. Nc3 b4 38. Ne2 Rc8 39. Kd3 1-0

[Event "III Open"]
[Site "Teramo ITA"]
[Date "1999.04.??"]
[Round "3"]
[White "Petruccioli, Antonio"]
[Black "Luciani, Valerio"]
[Result "0-1"]
[WhiteElo "2013"]
[BlackElo "2238"]
[PlyCount "134"]
[EventDate "1999.04.22"]

1. e4 e6 2. d4 d5 3. exd5 exd5 4. Bd3 Nc6 5. c3 Bd6 6. Qe2+ Nge7 7. Bg5 f6 8.
Bh4 O-O 9. Qc2 g6 10. Nd2 Bf5 11. Ne2 Qd7 12. O-O-O a5 13. f3 a4 14. g4 Bxd3
15. Qxd3 Na5 16. Bg3 b5 17. Bxd6 cxd6 18. Rde1 Rab8 19. Kb1 b4 20. c4 dxc4 21.
Nxc4 Qb5 22. Nc1 Nxc4 23. Rxe7 b3 24. a3 Rf7 25. Rhe1 Nxa3+ 26. bxa3 b2 27.
Qxb5 bxc1=Q+ 28. Kxc1 Rxb5 29. Rxf7 Kxf7 30. Re3 Rd5 31. Rd3 Ke6 32. Kc2 Rb5
33. Rc3 Kd5 34. Kd3 Rb1 35. Rc7 Rd1+ 36. Ke3 Ra1 37. Rc3 Re1+ 38. Kd2 Rh1 39.
Rd3 Rxh2+ 40. Kc3 h5 41. gxh5 Rxh5 42. Kb4 Rh8 43. Rd1 g5 44. Kxa4 Kc4 45. Ka5
Ra8+ 46. Kb6 d5 47. Ra1 Ra4 48. f4 g4 49. f5 Kxd4 50. Kb5 Ra8 51. a4 Ke4 52.
Rf1 d4 53. a5 d3 54. a6 d2 55. Kb6 Ke3 56. Kb7 Rh8 57. a7 Ke2 58. Rh1 Rxh1 59.
a8=Q d1=Q 60. Qa6+ Kf3 61. Qc6+ Kf4 62. Qc4+ Kxf5 63. Qc8+ Kg5 64. Qc5+ Kh4 65.
Qf2+ Kh3 66. Kc8 Qf3 67. Qc5 Rb1 0-1

[Event "III Open"]
[Site "Teramo ITA"]
[Date "1999.04.??"]
[Round "3"]
[White "Pipitone, Antonio"]
[Black "Lagumina, Giulio"]
[Result "1-0"]
[WhiteElo "2057"]
[BlackElo "2282"]
[PlyCount "25"]
[EventDate "1999.04.22"]

1. e4 e5 2. Nf3 Nc6 3. Bb5 Nf6 4. d4 exd4 5. Nxd4 Nxe4 6. O-O Be7 7. Nf5 Bf6 8.
Qd5 Ng5 9. Nxg7+ Bxg7 10. Bxg5 f6 11. Re1+ Ne7 12. Bc4 Rf8 13. Bh6 1-0

[Event "III Open"]
[Site "Teramo ITA"]
[Date "1999.04.??"]
[Round "3"]
[White "Sbraccia, Giovanni"]
[Black "Tribuiani, Renato"]
[Result "1-0"]
[WhiteElo "2126"]
[BlackElo "2137"]
[PlyCount "87"]
[EventDate "1999.04.22"]

1. g3 d5 2. Bg2 e5 3. d3 Nf6 4. Nd2 c6 5. e4 d4 6. Ngf3 Bg4 7. h3 Bxf3 8. Nxf3
Nbd7 9. O-O Qb6 10. a4 Be7 11. Nh4 g6 12. a5 Qc7 13. Bh6 Nh5 14. Nf3 Rg8 15.
Qd2 f6 16. h4 Qd6 17. Bh3 Nc5 18. Qb4 Ng7 19. Qc4 Kf8 20. b4 Na6 21. b5 cxb5
22. Qxb5 Qc6 23. Qb3 Bd8 24. Be6 Nc5 25. Bxg8 Nxb3 26. Bxb3 Rc8 27. Bd5 Qd7 28.
Rfb1 b6 29. axb6 Bxb6 30. Bb3 Qg4 31. Kg2 Qh5 32. Bd2 Ne8 33. Be6 f5 34. Bxc8
fxe4 35. dxe4 Nf6 36. Bg5 Ng4 37. Be6 h6 38. Bxg4 Qxg4 39. Bxh6+ Ke7 40. Re1
Qc8 41. Bg7 g5 42. hxg5 Qc4 43. Bxe5 Qxc2 44. Bxd4 1-0

[Event "III Open"]
[Site "Teramo ITA"]
[Date "1999.04.??"]
[Round "4"]
[White "Aleksieva, Silvia"]
[Black "Rogulj, Branko"]
[Result "1/2-1/2"]
[WhiteElo "2318"]
[BlackElo "2430"]
[PlyCount "115"]
[EventDate "1999.04.22"]

1. e4 Nf6 2. e5 Nd5 3. d4 d6 4. Nf3 g6 5. Bc4 Nb6 6. Bb3 Bg7 7. Bf4 Nc6 8. h3
dxe5 9. Bxe5 Nxe5 10. dxe5 Qxd1+ 11. Kxd1 Bd7 12. Nbd2 Bc6 13. c3 Rd8 14. Kc2
Bh6 15. Rhg1 e6 16. Rad1 Nd7 17. Rge1 Bxd2 18. Rxd2 Bxf3 19. gxf3 Ke7 20. h4
Nc5 21. Rxd8 Rxd8 22. Bc4 Nd7 23. Re4 Nb6 24. Bf1 c6 25. a3 h5 26. Bd3 Rg8 27.
f4 Kd7 28. Rd4+ Kc7 29. Be4 Nc8 30. c4 Ne7 31. Rd3 Rf8 32. Rd6 Ng8 33. Kd2 a5
34. b3 Ne7 35. Kc3 Nc8 36. Rd3 Nb6 37. Rd6 Nd7 38. Kd4 Kd8 39. b4 axb4 40. axb4
Kc7 41. b5 cxb5 42. cxb5 Ra8 43. Bxb7 Ra4+ 44. Ke3 Nb6 45. Rxb6 Kxb6 46. Bc6
Ra3+ 47. Ke4 Kc5 48. Be8 Ra7 49. Ke3 Rc7 50. Bc6 f5 51. exf6 Rf7 52. f5 Rxf6
53. fxe6 Rxe6+ 54. Kf4 Re1 55. Kg5 Rg1+ 56. Kf6 Rg4 57. Be8 Rxh4 58. Kxg6
1/2-1/2

[Event "III Open"]
[Site "Teramo ITA"]
[Date "1999.04.??"]
[Round "4"]
[White "Badea, Bela"]
[Black "Luciani, Valerio"]
[Result "1-0"]
[WhiteElo "2479"]
[BlackElo "2238"]
[PlyCount "63"]
[EventDate "1999.04.22"]

1. Nf3 d6 2. d4 f5 3. g3 g6 4. Bg2 Bg7 5. O-O Nf6 6. c4 O-O 7. Nc3 c6 8. b3 Na6
9. Bb2 Nh5 10. d5 c5 11. e3 Nc7 12. Qe2 Rb8 13. a4 b6 14. e4 a6 15. e5 Bd7 16.
Nd1 b5 17. Bc3 b4 18. Bb2 Bh6 19. Ne1 Be8 20. Bf3 Ng7 21. e6 g5 22. Bc1 f4 23.
Be4 Nf5 24. Bxf5 Rxf5 25. g4 Rf8 26. Nf3 Bg7 27. Bb2 h6 28. h4 Bg6 29. hxg5
hxg5 30. Nxg5 Ne8 31. Bxg7 Kxg7 32. f3 1-0

[Event "III Open"]
[Site "Teramo ITA"]
[Date "1999.04.??"]
[Round "4"]
[White "De Santis, Alessio"]
[Black "Zaja, Ivan"]
[Result "0-1"]
[WhiteElo "2356"]
[BlackElo "2443"]
[PlyCount "62"]
[EventDate "1999.04.22"]

1. d4 e6 2. Nf3 Nf6 3. e3 b6 4. Nbd2 Bb7 5. Bd3 c5 6. c3 Nc6 7. O-O cxd4 8.
exd4 Be7 9. Re1 Qc7 10. c4 d5 11. b3 O-O 12. Bb2 Rad8 13. Rc1 dxc4 14. bxc4 Qf4
15. g3 Qh6 16. Qe2 Qh5 17. Ne4 Ng4 18. h4 Nf6 19. Nxf6+ Bxf6 20. Be4 Rfe8 21.
Qe3 Qa5 22. Bc3 Qa6 23. Bd3 Ne7 24. Ng5 Bxg5 25. Qxg5 Nd5 26. Ba1 h6 27. Qd2
Ne7 28. Qe2 Qa5 29. d5 exd5 30. Qg4 Ng6 31. Bxg6 Rxe1+ 0-1

[Event "III Open"]
[Site "Teramo ITA"]
[Date "1999.04.??"]
[Round "4"]
[White "Di Gianni, Rocco"]
[Black "Petruccioli, Antonio"]
[Result "1-0"]
[WhiteElo "2185"]
[BlackElo "2013"]
[PlyCount "37"]
[EventDate "1999.04.22"]

1. e4 c5 2. Nc3 e6 3. f4 d5 4. Nf3 d4 5. Ne2 f5 6. Ng3 Nf6 7. Bc4 fxe4 8. Ng5
Bd6 9. O-O Qe7 10. N5xe4 O-O 11. Nf5 Qc7 12. Nfxd6 Nxe4 13. Nxe4 Rxf4 14. Rxf4
Qxf4 15. d3 Qe5 16. Qg4 h5 17. Qg6 Bd7 18. Bg5 Kh8 19. Nf6 1-0

[Event "III Open"]
[Site "Teramo ITA"]
[Date "1999.04.??"]
[Round "4"]
[White "Ferretti, Folco"]
[Black "Barbero, Gerardo F."]
[Result "1/2-1/2"]
[WhiteElo "2280"]
[BlackElo "2462"]
[PlyCount "72"]
[EventDate "1999.04.22"]

1. e4 c5 2. c3 d6 3. d4 Nf6 4. Bd3 Nbd7 5. Nf3 Qc7 6. O-O g6 7. Bf4 e5 8. dxe5
dxe5 9. Be3 Bg7 10. h3 O-O 11. Nbd2 a6 12. a4 b6 13. b4 Bb7 14. Qb3 Rac8 15.
Rfc1 cxb4 16. cxb4 Qxc1+ 17. Rxc1 Rxc1+ 18. Kh2 Rc7 19. Nc4 Nxe4 20. Nxb6 Nxb6
21. Bxb6 Rc3 22. Qb1 Nd6 23. Nd2 Bh6 24. Be3 Bxe3 25. fxe3 Rd8 26. Qf1 Nf5 27.
Be4 Nxe3 28. Qf6 Rxd2 29. Bxb7 Rc1 30. Qxe5 Nf1+ 31. Kg1 Ng3+ 32. Kh2 Rd3 33.
Qe8+ Kg7 34. Qe5+ Kg8 35. Qe8+ Kg7 36. Qe5+ Kg8 1/2-1/2

[Event "III Open"]
[Site "Teramo ITA"]
[Date "1999.04.??"]
[Round "4"]
[White "Mrdja, Milan"]
[Black "Pipitone, Antonio"]
[Result "1-0"]
[WhiteElo "2410"]
[BlackElo "2057"]
[PlyCount "49"]
[EventDate "1999.04.22"]

1. e4 c5 2. Nf3 d6 3. d4 cxd4 4. Nxd4 Nf6 5. Nc3 e6 6. g4 h6 7. h4 Be7 8. Rg1
Nc6 9. g5 hxg5 10. hxg5 Nxd4 11. Qxd4 e5 12. Qa4+ Nd7 13. g6 fxg6 14. Be3 Kf8
15. O-O-O Nf6 16. Qb3 Ng4 17. Nd5 Bg5 18. Bxg5 Qxg5+ 19. Kb1 Qd8 20. Be2 Nf6
21. Rxg6 Nxe4 22. Qf3+ Nf6 23. Nxf6 gxf6 24. Rxf6+ Ke7 25. Rf7+ 1-0

[Event "III Open"]
[Site "Teramo ITA"]
[Date "1999.04.??"]
[Round "4"]
[White "Timpani, Nicola"]
[Black "Lagumina, Giulio"]
[Result "0-1"]
[WhiteElo "2110"]
[BlackElo "2282"]
[PlyCount "48"]
[EventDate "1999.04.22"]

1. d4 d5 2. Nf3 Nf6 3. Bg5 Ne4 4. Bf4 c5 5. Nbd2 Nc6 6. e3 cxd4 7. exd4 Qb6 8.
Bd3 Nxd2 9. Qxd2 Qxb2 10. O-O e6 11. Rab1 Qa3 12. c4 dxc4 13. Bxc4 Bb4 14. Qe2
O-O 15. Rfd1 Ba5 16. Rb5 Bb6 17. Rh5 g6 18. Rh6 Rd8 19. d5 exd5 20. Bxd5 Qe7
21. Qf1 Be6 22. Bxe6 Qxe6 23. Rxh7 Qxa2 24. Ra1 Qxf2+ 0-1

[Event "III Open"]
[Site "Teramo ITA"]
[Date "1999.04.??"]
[Round "4"]
[White "Tomba, Ivan"]
[Black "Ciolac, Gheorghe"]
[Result "0-1"]
[WhiteElo "2063"]
[BlackElo "2389"]
[PlyCount "96"]
[EventDate "1999.04.22"]

1. e4 e5 2. Nf3 Nc6 3. d4 exd4 4. Nxd4 Nf6 5. Nxc6 bxc6 6. e5 Qe7 7. Qe2 Nd5 8.
c4 Ba6 9. b3 Qb4+ 10. Qd2 Qxd2+ 11. Bxd2 Nb4 12. Kd1 c5 13. Nc3 O-O-O 14. Ne4
h6 15. Be3 d6 16. exd6 cxd6 17. a3 Nc6 18. Kc2 g6 19. Rd1 f5 20. Nc3 Bg7 21.
Nd5 Rhe8 22. Bd3 Bb7 23. Rhe1 Ne5 24. Bf4 Bxd5 25. Bxe5 dxe5 26. cxd5 Kc7 27.
Bc4 Kd6 28. Rb1 e4 29. b4 cxb4 30. Rxb4 Rc8 31. Kd2 Re7 32. Ra4 a5 33. Rb1 Bd4
34. Ba6 Ra8 35. Bb7 Rb8 36. Rxd4 Rexb7 37. Rxb7 Rxb7 38. Kc3 Rb5 39. Kc4 Rc5+
40. Kb3 Rxd5 41. Ra4 Rc5 42. Rd4+ Rd5 43. Ra4 Ke5 44. Kc2 g5 45. Rc4 h5 46. Rc6
h4 47. Rg6 Kf4 48. Ra6 h3 0-1

[Event "III Open"]
[Site "Teramo ITA"]
[Date "1999.04.??"]
[Round "4"]
[White "Tomescu, Vlad"]
[Black "Gardon, Ermanno"]
[Result "1-0"]
[WhiteElo "2436"]
[BlackElo "2106"]
[PlyCount "75"]
[EventDate "1999.04.22"]

1. e4 e6 2. d4 c5 3. Nf3 cxd4 4. Nxd4 Nf6 5. Nc3 Nc6 6. Nxc6 bxc6 7. e5 Nd5 8.
Ne4 Qa5+ 9. c3 Ba6 10. Bxa6 Qxa6 11. Qe2 Qxe2+ 12. Kxe2 f5 13. Nd2 g5 14. Nc4
Rg8 15. g3 Rb8 16. Kd3 Nb6 17. a4 Nxc4 18. Kxc4 Bg7 19. Re1 Kf7 20. b3 Kg6 21.
Ba3 h5 22. Rad1 Rb7 23. Bd6 f4 24. gxf4 g4 25. f3 Kf5 26. fxg4+ hxg4 27. Re2
Bh6 28. Rg2 Kxf4 29. Rf1+ Kg5 30. h3 Kh4 31. hxg4 Rxg4+ 32. Rxg4+ Kxg4 33. Rf7
Be3 34. b4 a6 35. Rf8 Kg5 36. Ra8 Ra7 37. Rb8 Kf5 38. Bc5 1-0

[Event "III Open"]
[Site "Teramo ITA"]
[Date "1999.04.??"]
[Round "4"]
[White "Zlochevskij, Alexander"]
[Black "Delchev, Aleksander"]
[Result "0-1"]
[WhiteElo "2457"]
[BlackElo "2548"]
[PlyCount "111"]
[EventDate "1999.04.22"]

1. d4 Nf6 2. c4 g6 3. Nc3 Bg7 4. e4 O-O 5. Be3 d6 6. f3 a6 7. Nge2 c6 8. Nc1 b5
9. Nb3 Nbd7 10. Be2 bxc4 11. Bxc4 e5 12. O-O d5 13. Bd3 dxe4 14. Bxe4 Nxe4 15.
Nxe4 a5 16. dxe5 a4 17. Nbc5 Nxe5 18. Qxd8 Rxd8 19. Rad1 Rd5 20. Nd6 Be6 21. b3
axb3 22. axb3 Rd8 23. Rxd5 cxd5 24. Nb5 Nc6 25. Rd1 d4 26. Bf4 Bf5 27. Nd6 Bc2
28. Rd2 Nb4 29. Na6 Nd5 30. Rxc2 Nxf4 31. Ne4 d3 32. Rd2 f5 33. Nec5 Bc3 34.
Rd1 d2 35. Na4 Ba5 36. b4 Bb6+ 37. Nxb6 Ne2+ 38. Kf1 Nc3 39. Rxd2 Rxd2 40. Nc5
Rb2 41. Nd3 Rd2 42. Ne5 Nb5 43. Nbc4 Ra2 44. h4 Kg7 45. Kg1 Kf6 46. Nd3 Nc3 47.
Kh2 Rc2 48. Nce5 Re2 49. Nd7+ Ke7 50. N7e5 Re3 51. f4 Kf6 52. Nc5 Re2 53. Ncd3
Kg7 54. Kh3 Re3+ 55. Kh2 Re4 56. g3 0-1

[Event "III Open"]
[Site "Teramo ITA"]
[Date "1999.04.??"]
[Round "5"]
[White "Aleksieva, Silvia"]
[Black "Zlochevskij, Alexander"]
[Result "0-1"]
[WhiteElo "2318"]
[BlackElo "2457"]
[PlyCount "82"]
[EventDate "1999.04.22"]

1. e4 g6 2. d4 Bg7 3. c4 d6 4. Ne2 Nf6 5. Nec3 O-O 6. Be2 a6 7. Be3 c6 8. d5 b5
9. Nd2 cxd5 10. cxd5 e6 11. dxe6 Bxe6 12. O-O Nc6 13. a3 d5 14. exd5 Nxd5 15.
Nxd5 Bxd5 16. Rb1 Nd4 17. Bxd4 Bxd4 18. Bf3 Bg7 19. Bxd5 Qxd5 20. Nf3 Rfd8 21.
Qxd5 Rxd5 22. b3 Rc8 23. Rfd1 Rxd1+ 24. Rxd1 Bb2 25. a4 bxa4 26. bxa4 Rc4 27.
Rb1 Rxa4 28. Kf1 Ra2 29. Ne1 Kg7 30. Nd3 Ra1 31. Rxa1 Bxa1 32. Ke2 Kf6 33. Nc5
a5 34. Kd3 Be5 35. Ke4 Bd6 36. Nd7+ Ke6 37. Nb6 Bc5 38. Nc4 a4 39. Nb2 a3 40.
Nd3 f5+ 41. Kf3 Kd5 0-1

[Event "III Open"]
[Site "Teramo ITA"]
[Date "1999.04.??"]
[Round "5"]
[White "Calandri, Fausto"]
[Black "Mrdja, Milan"]
[Result "0-1"]
[WhiteElo "2085"]
[BlackElo "2410"]
[PlyCount "66"]
[EventDate "1999.04.22"]

1. e4 Nf6 2. e5 Nd5 3. d4 d6 4. Nf3 Bg4 5. Be2 c6 6. O-O Bxf3 7. Bxf3 dxe5 8.
dxe5 e6 9. Qe2 Nd7 10. Re1 Qc7 11. g3 Bc5 12. c3 a5 13. a4 Ne7 14. Nd2 O-O 15.
Bg2 Ng6 16. Nf3 Rab8 17. h4 h6 18. h5 Ne7 19. Kh1 Qb6 20. Rf1 Rbe8 21. Nd2 Nf5
22. Kh2 Qc7 23. Nc4 Kh8 24. f4 f6 25. Re1 fxe5 26. Nxe5 Nxe5 27. Qxe5 Bd6 28.
Qe4 e5 29. g4 Qd8 30. gxf5 exf4 31. Qxe8 Rxe8 32. Rxe8+ Qxe8 33. Bf3 Qe1 0-1

[Event "III Open"]
[Site "Teramo ITA"]
[Date "1999.04.??"]
[Round "5"]
[White "Delchev, Aleksander"]
[Black "Voiska, Margarita"]
[Result "1-0"]
[WhiteElo "2548"]
[BlackElo "2364"]
[PlyCount "55"]
[EventDate "1999.04.22"]

1. Nf3 d5 2. c4 c6 3. e3 Nf6 4. Nc3 a6 5. Be2 b5 6. cxd5 cxd5 7. b4 e6 8. Qb3
Nbd7 9. a4 bxa4 10. Qxa4 Rb8 11. Ba3 Bd6 12. b5 Nb6 13. Qb3 O-O 14. Nd4 Ra8 15.
bxa6 Nc4 16. Bxd6 Qxd6 17. a7 Bd7 18. d3 Ne5 19. Qa3 Qxa3 20. Rxa3 Rfc8 21. Kd2
Ne8 22. Rc1 Nd6 23. Ra6 Nc6 24. Ndb5 Nxb5 25. Nxb5 Nb4 26. Rxc8+ Bxc8 27. Rb6
Na6 28. Nd6 1-0

[Event "III Open"]
[Site "Teramo ITA"]
[Date "1999.04.??"]
[Round "5"]
[White "Lagumina, Giulio"]
[Black "Tomba, Ivan"]
[Result "1-0"]
[WhiteElo "2282"]
[BlackElo "2063"]
[PlyCount "87"]
[EventDate "1999.04.22"]

1. d4 Nf6 2. c4 g6 3. Nc3 Bg7 4. e4 d6 5. f4 O-O 6. Nf3 c5 7. d5 e6 8. Be2 exd5
9. cxd5 Bg4 10. O-O Re8 11. e5 dxe5 12. fxe5 Bxf3 13. Bxf3 Nfd7 14. e6 Ne5 15.
exf7+ Nxf7 16. Bf4 Nd6 17. Qb3 Na6 18. Rae1 c4 19. Rxe8+ Qxe8 20. Qa3 Bd4+ 21.
Kh1 Bc5 22. Qa4 Nb4 23. Bg4 Nd3 24. Be6+ Kg7 25. Bxd6 Qxa4 26. Rf7+ Kh6 27.
Nxa4 Bxd6 28. Rxb7 Rf8 29. g3 Rf1+ 30. Kg2 Rf2+ 31. Kh3 Rd2 32. Bg8 Kg5 33. Nc3
Nf2+ 34. Kg2 Ne4+ 35. Kf3 Nxc3 36. bxc3 Rxa2 37. Rxh7 Rc2 38. Ke4 Rxc3 39. Be6
Kf6 40. Rf7+ Kg5 41. h4+ Kh6 42. g4 g5 43. h5 Bc5 44. d6 1-0